[Event "Serbia Championship"]
[Site "Kragujevac"]
[Date "2009.04.15"]
[Round "13"]
[White "Damljanovic, Branko"]
[Black "Drazic, Sinisa"]
[Result "1-0"]
[WhiteElo "2573"]
[BlackElo "2533"]
[PlyCount "103"]
[EventDate "2009.??.??"]
[Source "Perpetual Check"]

1. c4 Nf6 2. Nc3 c6 3. e4 d5 4. exd5 cxd5 5. cxd5 Nxd5 6. Nf3 Nc6 7. Bb5 e6 8.
O-O Be7 9. d4 O-O 10. Re1 Bd7 11. a3 Bf6 12. Bd3 Rc8 13. Bc2 Nce7 14. Ne4 Qc7
15. Bb3 Bc6 16. h4 Rfd8 17. h5 Nb6 18. h6 Bd5 19. hxg7 Bxg7 20. Bg5 Bxb3 21.
Qxb3 Nbd5 22. Nc3 Nxc3 23. bxc3 Rd5 24. Bxe7 Qxc3 25. Qxc3 Rxc3 26. Rac1 Rxc1
27. Rxc1 h6 28. Rc8+ Kh7 29. Rc7 Rb5 30. Bd6 Kg8 31. g3 a6 32. Kg2 Rb3 33. Bb4
b6 34. Rb7 a5 35. Bc5 b5 36. Ne5 Bxe5 37. dxe5 Kg7 38. Ra7 Rc3 39. Bd6 b4 40.
axb4 axb4 41. Bxb4 Rc8 42. Be7 h5 43. Rd7 Rc4 44. Rd8 Rc7 45. Bf6+ Kg6 46. Rg8+
Kh6 47. Rg7 Rd7 48. Kh3 Rb7 49. f4 Rd7 50. Rg5 Rd1 51. Bg7+ Kh7 52. Bf8 1-0

[Event "Serbia Championship"]
[Site "Kragujevac"]
[Date "2009.04.15"]
[Round "13"]
[White "Zlatic, Mihailo"]
[Black "Rajkovic, Dusan"]
[Result "1/2-1/2"]
[WhiteElo "2463"]
[BlackElo "2486"]
[PlyCount "25"]
[EventDate "2009.??.??"]
[Source "Perpetual Check"]

1. e4 c5 2. c3 Nf6 3. e5 Nd5 4. d4 cxd4 5. Nf3 e6 6. cxd4 d6 7. Bb5+ Bd7 8.
Bxd7+ Qxd7 9. O-O Nc6 10. Nc3 Nxc3 11. bxc3 dxe5 12. dxe5 Qxd1 13. Rxd1 1/2-1/2

[Event "Serbia Championship"]
[Site "Kragujevac"]
[Date "2009.04.15"]
[Round "13"]
[White "Perunovic, Milos"]
[Black "Sarenac, Ivan"]
[Result "1-0"]
[WhiteElo "2580"]
[BlackElo "2320"]
[PlyCount "84"]
[EventDate "2009.??.??"]
[Source "Perpetual Check"]

1. e4 c5 2. Nf3 Nc6 3. Nc3 e5 4. Bc4 Be7 5. d3 d6 6. O-O Nf6 7. Ng5 O-O 8. f4
Bg4 9. Qe1 exf4 10. Bxf4 Nd4 11. Qd2 h6 12. Nf3 Nxf3+ 13. gxf3 Be6 14. Qe2 a6
15. a4 Qd7 16. Kh1 Kh8 17. Rg1 Nh5 18. Bd2 f5 19. Bxe6 Qxe6 20. Nd5 Bd8 21. Rg2
Qf7 22. Rag1 Bf6 23. Nxf6 Nxf6 24. Rxg7 Qxg7 25. Rxg7 Kxg7 26. e5 dxe5 27. Qxe5
Rae8 28. Qxc5 Kg6 29. Qd6 Kf7 30. Qc7+ Re7 31. Qc4+ Re6 32. Bxh6 Rg8 33. Bd2 b5
34. axb5 axb5 35. Qb3 Rg6 36. Bc3 Nh5 37. Qxb5 Ng7 38. Be5 Kg8 39. b4 f4 40.
Qc4 Nh5 41. b5 Kh7 42. Qc7+ Kh6 1-0

[Event "Serbia Championship"]
[Site "Kragujevac"]
[Date "2009.04.15"]
[Round "13"]
[White "Antic, Dejan"]
[Black "Vuckovic, Bojan"]
[Result "0-1"]
[WhiteElo "2513"]
[BlackElo "2572"]
[PlyCount "132"]
[EventDate "2009.??.??"]
[Source "Perpetual Check"]

1. d4 Nf6 2. Nf3 g6 3. c4 Bg7 4. Nc3 d5 5. cxd5 Nxd5 6. e4 Nxc3 7. bxc3 c5 8.
Be3 Qa5 9. Qd2 O-O 10. Rb1 b6 11. Rc1 Ba6 12. d5 Bxf1 13. Kxf1 Nd7 14. c4 Qxd2
15. Bxd2 e6 16. Bc3 Rae8 17. Bxg7 Kxg7 18. g3 exd5 19. exd5 h6 20. Rc2 Nf6 21.
Kg2 Ne4 22. a4 Nd6 23. a5 Re4 24. Rhc1 bxa5 25. Nd2 Re2 26. Kf1 Rfe8 27. Nb3
Rxc2 28. Rxc2 a4 29. Nd2 Ne4 30. f3 Nxd2+ 31. Rxd2 Rb8 32. Ke2 a3 33. Kd3 Rb3+
34. Ke4 Rc3 35. Ke5 Rxc4 36. d6 Rd4 37. Rc2 Ra4 38. Ra2 Kf8 39. Kd5 Ra6 40.
Kxc5 Ke8 41. Kb5 Rb6+ 42. Kc4 Kd7 43. Rxa3 a6 44. Kd5 Rxd6+ 45. Ke5 Re6+ 46.
Kf4 Kc7 47. h4 Kb6 48. g4 a5 49. Rb3+ Ka6 50. Ra3 Kb5 51. Rb3+ Kc4 52. Rb7 Rf6+
53. Ke4 a4 54. f4 a3 55. Ra7 Re6+ 56. Kf3 Kb4 57. Rxf7 Ra6 58. Rb7+ Kc4 59.
Rc7+ Kd5 60. Rd7+ Ke6 61. Rd1 a2 62. Ra1 h5 63. f5+ gxf5 64. gxh5 Ra4 65. Ke3
Kf6 66. Kd2 Kg7 0-1

[Event "Serbia Championship"]
[Site "Kragujevac"]
[Date "2009.04.15"]
[Round "13"]
[White "Popovic, Aleksandar M"]
[Black "Pikula, Dejan"]
[Result "0-1"]
[WhiteElo "2325"]
[BlackElo "2568"]
[PlyCount "44"]
[EventDate "2009.??.??"]
[Source "Perpetual Check"]

1. e4 c5 2. Nf3 e6 3. g3 Nc6 4. Bg2 Nf6 5. d3 d5 6. Qe2 Be7 7. O-O b5 8. e5 Nd7
9. c3 a5 10. a4 bxa4 11. c4 Nb6 12. Nc3 O-O 13. Nxa4 Nxa4 14. Rxa4 Rb8 15. h4
h6 16. Bf4 Rb3 17. Qc2 Qb6 18. Bc1 Rd8 19. Re1 dxc4 20. Qxc4 Nd4 21. Bd2 Nxf3+
22. Bxf3 Rd4 0-1